000 00764nam a2200253Ia 4500
003 OSt
005 20220918164721.0
006 a|||||r|||| 00| 0
007 ta
008 220917b |||||||| |||| 00| 0 eng d
020 _a0714843466 (hbk)
_c2678.65
024 _a286,769
037 _b712, 01/12/2015, Anshika Book International
_cTextual
040 _aARTS
_cARTS
_beng
041 _2eng
_aeng
082 _aQ43:4198, fQ5
100 _aMcCurry Steve
_920247
245 0 _aPath of buddha
_b Tibetan pilgrimage
260 _aLondon
_bPhaidon Press UK
_c2015
300 _a125p.
_ccm.
650 _aRELIGION
942 _hQ43:4198, fQ5
_cTEXL
_2CC
999 _c126129
_d126129